Malikhaing sanaysay : (Record no. 5863)
[ view plain ]
| 000 -LEADER | |
|---|---|
| fixed length control field | 01077nam a2200301 i 4500 |
| 003 - CONTROL NUMBER IDENTIFIER | |
| control field | URS |
| 005 - DATE AND TIME OF LATEST TRANSACTION | |
| control field | 20220117150757.0 |
| 008 - FIXED-LENGTH DATA ELEMENTS--GENERAL INFORMATION | |
| fixed length control field | 160809b xxu||||| |||| 00| 0 eng d |
| 020 ## - INTERNATIONAL STANDARD BOOK NUMBER | |
| International Standard Book Number | 9789719800064 |
| 040 ## - CATALOGING SOURCE | |
| Language of cataloging | fil |
| Transcribing agency | URS |
| Description conventions | rda |
| 041 0# - LANGUAGE CODE | |
| Language code of text/sound track or separate title | fil |
| 050 14 - LIBRARY OF CONGRESS CALL NUMBER | |
| Classification number | PL 6151 |
| Item number | .Ev19 2013 |
| 100 1# - MAIN ENTRY--PERSONAL NAME | |
| Personal name | Evasco, Eugene Y., |
| Relator term | author. |
| 245 10 - TITLE STATEMENT | |
| Title | Malikhaing sanaysay : |
| Remainder of title | anyo, kaysaysayan, at antolohiya / |
| Statement of responsibility, etc. | Eugene Y. Evasco, Will P. Ortiz, Elyrah L. Salanga-Torralb, mga awtor ; Lilia F. Antonio, koordineytor. |
| 264 #1 - PRODUCTION, PUBLICATION, DISTRIBUTION, MANUFACTURE, AND COPYRIGHT NOTICE | |
| Place of production, publication, distribution, manufacture | Quezon City : |
| Name of producer, publisher, distributor, manufacturer | C&E Publishing, Incorporated, |
| Date of production, publication, distribution, manufacture, or copyright notice | ©2013. |
| 300 ## - PHYSICAL DESCRIPTION | |
| Extent | xiv, 242 pages ; |
| Dimensions | 22 cm. |
| 336 ## - CONTENT TYPE | |
| Content type term | text |
| Source | rdacontent |
| 337 ## - MEDIA TYPE | |
| Media type term | unmediated |
| Source | rdamedia |
| 338 ## - CARRIER TYPE | |
| Carrier type term | volume |
| Source | rdacarrier |
| 650 #0 - SUBJECT ADDED ENTRY--TOPICAL TERM | |
| Topical term or geographic name entry element | Essay |
| General subdivision | History and criticism. |
| 650 #0 - SUBJECT ADDED ENTRY--TOPICAL TERM | |
| Topical term or geographic name entry element | Philippine essays |
| General subdivision | Study and teaching. |
| 650 #0 - SUBJECT ADDED ENTRY--TOPICAL TERM | |
| Topical term or geographic name entry element | Essay |
| Form subdivision | Literary collections. |
| 650 #0 - SUBJECT ADDED ENTRY--TOPICAL TERM | |
| Topical term or geographic name entry element | Creative nonfiction |
| General subdivision | Study and teaching. |
| 700 1# - ADDED ENTRY--PERSONAL NAME | |
| Personal name | Ortiz, Will P., |
| Relator term | author. |
| 700 1# - ADDED ENTRY--PERSONAL NAME | |
| Personal name | Torralba, Elyrah L. Salanga-, |
| Relator term | author. |
| 700 1# - ADDED ENTRY--PERSONAL NAME | |
| Personal name | Antonio, Lilia F., |
| Relator term | coordinator. |
| 942 ## - ADDED ENTRY ELEMENTS (KOHA) | |
| Source of classification or shelving scheme | Library of Congress Classification |
| Koha item type | Filipiniana |
| Withdrawn status | Source of classification or shelving scheme | Damaged status | Not for loan | Collection code | Home library | Current library | Shelving location | Date acquired | Source of acquisition | Cost, normal purchase price | Total Checkouts | Full call number | Barcode | Date last seen | Price effective from | Koha item type | Copy number |
|---|---|---|---|---|---|---|---|---|---|---|---|---|---|---|---|---|---|
| Library of Congress Classification | Non-fiction | Pililla College Library | Pililla College Library | General Stacks | 02/29/2016 | purchased | 899.2104 Ev1m 2013 | URSPIL-4831 | 07/24/2018 | 02/29/2016 | Filipiniana | 1 | |||||
| Non-fiction | Pililla College Library | Pililla College Library | General Stacks | 02/29/2016 | purchased | 899.2104 Ev1m 2013 | URSPIL-5520 | 02/29/2016 | 02/29/2016 | Filipiniana | |||||||
| Library of Congress Classification | Non-fiction | Tanay College Library | Tanay College Library | General Stacks | 08/09/2016 | Purchase | 358.00 | PL6151 .Ev19 2013 | URSTAN-N2251 | 08/09/2016 | 08/09/2016 | Filipiniana | |||||
| Library of Congress Classification | Non-fiction | Tanay College Library | Tanay College Library | General Stacks | 08/09/2016 | Purchase | 358.00 | PL6151 .Ev19 2013 | URSTAN-N2252 | 08/09/2016 | 08/09/2016 | Filipiniana |